000 00221nam a22000857a 4500
008 160705b xxu||||| |||| 00| 0 eng d
100 _92221
_a Khan, A.H
245 _aSupervision in Secondary Schools
260 _aNew Delhi
_bArya
999 _c1909
_d1909